| 000 | 03371cam a22012014i 4500 | ||
|---|---|---|---|
| 003 | PE-LiUPU | ||
| 005 | 20250813185617.0 | ||
| 008 | 150706s2011 ag r 000 0 spa d | ||
| 020 | _a9789875383241 | ||
| 035 | _a(Sirsi) i9789875383241 | ||
| 040 |
_aPE-LiUPU _bspa _cPE-LiUPU _erda |
||
| 049 | _aPRUA | ||
| 082 | 0 | 4 |
_a370.15 _bP4 _221 |
| 245 | 0 | 3 |
_aLa psicología educacional como instrumento de análisis de intervención : _bdiálogos y entrecruzamientos / _cNora Emilce Elichiry . |
| 264 | 1 |
_aBuenos Aires : _bEdiciones Novedades Educativas del Centro de Publicaciones Educativas y Material y Didático, _c2011. |
|
| 300 |
_a127 páginas ; _c22 centímetros. |
||
| 336 |
_atext _2rdacontent |
||
| 337 |
_aunmediated _2rdamedia |
||
| 338 |
_avolume _2rdacarrier |
||
| 490 | 0 |
_aEnsayos y Experiencias ; _v82 |
|
| 505 | 0 | _aEl trabajo del Psicólogo Educacional en contextos escolarizados -- Aportes y límites de la teoría psicoanalítica en el campo de la educación -- De formas y formatos. ¿Escuela para todos? -- Tutorías: preguntas en torno a su sentido en la escuela secundaria -- Aprendizaje de adultos mayores y construcción de subjetividad -- Puesta en valor de la escuela pública. Un estilo opaco y tardío, como el estudio del trabajo docente. | |
| 526 | _aP202 | ||
| 526 | _aP201 | ||
| 526 | _aP163 | ||
| 526 | _aP162 | ||
| 526 | _aP161 | ||
| 526 | _aP160 | ||
| 526 | _aP148 | ||
| 526 | _aP147 | ||
| 526 | _aP146 | ||
| 526 | _aP145 | ||
| 526 | _aP144 | ||
| 526 | _aP143 | ||
| 526 | _aP142 | ||
| 526 | _aP141 | ||
| 526 | _aP140 | ||
| 526 | _aP139 | ||
| 526 | _aP138 | ||
| 526 | _aP137 | ||
| 526 | _aP136 | ||
| 526 | _aP135 | ||
| 526 | _aP134 | ||
| 526 | _aP133 | ||
| 526 | _aP129 | ||
| 526 | _aP128 | ||
| 526 | _aP127 | ||
| 526 | _aP120 | ||
| 526 | _aP119 | ||
| 526 | _aP118 | ||
| 526 | _aP116 | ||
| 526 | _aP115 | ||
| 526 | _aP114 | ||
| 526 | _aP110 | ||
| 526 | _aP109 | ||
| 526 | _aP108 | ||
| 526 | _aP104 | ||
| 526 | _aP103 | ||
| 526 | _aP102 | ||
| 526 | _aP99 | ||
| 526 | _aP98 | ||
| 526 | _aP97 | ||
| 526 | _aP96 | ||
| 526 | _aP95 | ||
| 526 | _aP93 | ||
| 526 | _aP90 | ||
| 526 | _aP89 | ||
| 526 | _aP88 | ||
| 526 | _aP83 | ||
| 526 | _aP82 | ||
| 526 | _aP62 | ||
| 526 | _aP59 | ||
| 526 | _aP58 | ||
| 526 | _aP57 | ||
| 526 | _aP51 | ||
| 526 | _aP49 | ||
| 526 | _aP48 | ||
| 526 | _aP47 | ||
| 526 | _aP29 | ||
| 526 | _aP24 | ||
| 526 | _aP20 | ||
| 526 | _aP19 | ||
| 526 | _aP17 | ||
| 526 | _aP15 | ||
| 526 | _aP14 | ||
| 526 | _aP12 | ||
| 526 | _aP10 | ||
| 526 | _aP09 | ||
| 526 | _aP08 | ||
| 526 | _aP07 | ||
| 526 | _aP06 | ||
| 526 | _aP05 | ||
| 526 | _aP04 | ||
| 526 | _aP01 | ||
| 541 | _g045-0004386; | ||
| 650 | 0 | 4 |
_aPsicología Educativa. _95560 |
| 700 | 1 |
_aElichiry, Nora, _ecomp. |
|
| 910 |
_agl _bjv _cng _d20121213 |
||
| 942 |
_2ddc _cBOOK |
||
| 949 |
_a370.15 P4 _wDEWEY _c1 _i66002 _lCCODEBUL1 _mBUL _p30.00 _r0 _sY _tBOOK _u2015-7-6 _xSALUD _PP33 _o.STAFF. Colección General |
||
| 994 |
_aC0 _bPEPRU |
||
| 596 | _a1 | ||
| 999 |
_a370.15 P4 _wDEWEY _c54367 _i66002 _d54367 _e2017-8-28 _f2021-11-8 _g5 _lCCODEBUL1 _mBUL _n3 _p30.00 _q1 _r0 _sY _tBOOK _u2015-7-6 _xEDUCACION _PP33 _0COMPRA _o.STAFF. Colección Ciencias de la Salud |
||
| 980 |
_81 _gALBERTO SANCHEZ Responsable de Automatización |
||